000
00328nam a2200145Ia 4500
008
230718s9999 xx 000 0 und d
041
_a
Eng.
082
_a
342
_b
MAL-I
100
_a
Malik, Ahmed Nareee
245
0
_a
International Law
260
_a
Pakistan
_b
Punjab Law
_c
2015
300
_a
281
650
_a
Law
999
_c
30846
_d
30846